| 000 | 00561nam a2200205Ia 4500 | ||
|---|---|---|---|
| 005 | 20250508152005.0 | ||
| 008 | 008 250505s9999 xx 000 0 eng d | ||
| 037 | _aTextual | ||
| 040 |
_aFEDL _beng _cFEDL |
||
| 041 |
_aeng _2eng |
||
| 084 |
_a370.1, REE _qFEDL |
||
| 100 |
_aReeder Ward G. _9139649 |
||
| 245 | 0 | _aFirst course in education | |
| 250 | _a3rd | ||
| 260 |
_aNew York, USA _bThe Macmillan Company _c1950 |
||
| 300 | _axvi,621p. | ||
| 650 | _aEducation - Philosophy | ||
| 942 |
_cTEXL _h370.1, REE |
||
| 999 |
_c1333427 _d1333427 |
||